[Event "Gebze op 5th"]
[Site "Kocaeli"]
[Date "2014.09.21"]
[Round "3"]
[White "Yilmaz, Cahit"]
[Black "Rahimli, Ilkin Alisaftar"]
[Result "0-1"]
[WhiteElo "1603"]
[BlackElo "1931"]
[PlyCount "50"]
[EventDate "2014.09.20"]
[EventType "swiss"]
[EventRounds "9"]
[EventCountry "TUR"]
[SourceTitle "CBM 162 Extra"]
[Source "ChessBase"]
[SourceDate "2014.10.17"]
[SourceVersion "1"]
[SourceVersionDate "2014.10.17"]
[SourceQuality "1"]

1. Nf3 d5 2. g3 c5 3. Bg2 Nf6 4. 0-0 Nc6 5. d3 e5 6. Nbd2 Be7 7. Re1 e4 8. dxe4 dxe4 9. Ng5 e3 10. fxe3 Ng4 11. Bxc6+ bxc6 12. Nxf7 Kxf7 13. Nf3 Qxd1 14. Rxd1 Ba6 15. Re1 Bf6 16. h3 Ne5 17. Nxe5+ Bxe5 18. Kg2 Ke6 19. e4 Rab8 20. Rb1 Bc3 21. Rh1 Bxe2 22. b3 Rhf8 23. Bf4 Rb4 24. Rhe1 Bxe1 25. Rxe1 Rxe4 0-1